000
00270nam a2200109Ia 4500
008
200302s9999 xx 000 0 und d
100
_a
Joaquim Ballarin I Bargallo
245
_a
Timber Up Your Home Wood
260
_b
Loft Publishing
260
_c
2010
300
_a
288 P.,
999
_c
3017
_d
3017